000
00455nam a2200181Ia 4500
008
090124s9999 xx 000 0 und d
082
_b
105780
100
_a
अमरेंद्र.
245
_a
प्रतिमा
250
_a
1
260
_c
1956
300
_a
32
600
_a
अमरेंद्र.
630
_a
प्रतिमा
700
_a
अमरेंद्र.
730
_a
प्रतिमा
942
_c
BOOK
999
_c
151871
_d
151871